| 000 | 00404nam a22001697a 4500 | ||
|---|---|---|---|
| 999 |
_c2812 _d2811 |
||
| 005 | 20211004132504.0 | ||
| 008 | 160615b xxu||||| |||| 00| 0 eng d | ||
| 020 | _a978-81-203-4112-8 | ||
| 041 | _aeng | ||
| 082 | _b7815 | ||
| 100 |
_aVenkanna, B.K. and B.V. Swti _92015 |
||
| 245 | _aBasic Thermodynamics | ||
| 260 |
_bPHI _c2011 |
||
| 300 | _a509 | ||
| 650 |
_aDIPLOMA ENGINEERING _9817 |
||
| 942 | _cBK | ||